00559 a2200169 45000010006000000050017000060080041000230030015000640400040000790800108001192450042002270200022002692640041002913000011003320410008003431000038003516315820260407155927.0260407a1994 arg spa dAR-UNSa-BCEJYS aAR-UNSa-BCEJYSbspacAR-UNSa-BCEJYS a334.72xEmpresas según sus relaciones de propiedad, fuentes de financiación y ámbito de actividad10aEmpresas e inversiones en el Mercosur a978-950-20-0715-1 1aBuenos Aires :bAbeledo Perrotc1994 a572 p. aspa1 aMeirovich de Aguinis, Ana María